Normal view MARC view
  • Great Britain.

Entry Corporate Name

Number of records used in: 1

001 - CONTROL NUMBER

  • control field: 29612

003 - CONTROL NUMBER IDENTIFIER

  • control field: NUST

005 - DATE AND TIME OF LATEST TRANSACTION

  • control field: 20200831115827.0

008 - FIXED-LENGTH DATA ELEMENTS

  • fixed length control field: 200831|| aca||aabn | a|a d

040 ## - CATALOGING SOURCE

  • Original cataloging agency: NUST
  • Transcribing agency: NUST

110 ## - HEADING--CORPORATE NAME

  • Corporate name or jurisdiction name as entry element: Great Britain.
  • Subordinate unit: Parliament.

670 ## - SOURCE DATA FOUND

  • Source citation: Work cat.: (NUST)0: Hardman, Isabel, author. 29611, Why we get the wrong politicians /
© 2023 Central Library, National University of Sciences and Technology. All Rights Reserved.